|
|
|
|
| LEADER |
01451nam a2200301 a 4500 |
| 001 |
16702569 |
| 008 |
110925s2011 enka 000 0 eng d |
| 010 |
|
|
|a 2011285012
|
| 020 |
|
|
|a 9780199642328
|
| 020 |
|
|
|a 9780199211555 (pbk.)
|
| 020 |
|
|
|a 0199211558 (pbk.)
|
| 040 |
|
|
|a NLE
|c NLE
|d CDX
|d TEF
|d IXA
|d NDD
|d DLC
|d BD-DhAAL
|
| 042 |
|
|
|a lccopycat
|
| 050 |
0 |
0 |
|a HB615
|b .B627 2011
|
| 082 |
0 |
4 |
|a 658.421
|2 22
|
| 100 |
1 |
|
|a Blundel, Richard.
|
| 245 |
1 |
0 |
|a Exploring entrepreneurship :
|b practices and perspectives /
|c Richard Blundel, Nigel Lockett.
|
| 260 |
|
|
|a Oxford ;
|a New York :
|b Oxford University Press,
|c 2011.
|
| 300 |
|
|
|a xxix, 431 p. :
|b ill. ;
|c 25 cm.
|
| 541 |
|
|
|e 00023503
|
| 650 |
|
0 |
|a Entrepreneurship.
|
| 650 |
|
0 |
|a New business enterprises
|x Management.
|
| 700 |
1 |
|
|a Lockett, Nigel.
|
| 852 |
1 |
|
|a Ayesha Abed Library
|c General shelf.
|
| 999 |
|
|
|c 11254
|d 11254
|
| 952 |
|
|
|0 0
|1 0
|2 ddc
|4 0
|6 658_421000000000000_BLU
|7 0
|9 18194
|a BRACUL
|b BRACUL
|c GEN
|d 2011-09-25
|e Mullick & Brothers
|g 670.00
|l 1
|m 1
|o 658.421 BLU
|p 3010023503
|r 2011-12-26
|s 2011-09-25
|t 1
|w 2011-09-25
|y BK
|
| 952 |
|
|
|0 0
|1 0
|2 ddc
|4 0
|6 658_421000000000000_BLU
|7 0
|9 18358
|a BRACUL
|b BRACUL
|c GEN
|d 2011-10-05
|e Book Web
|g 670.00
|l 4
|m 27
|o 658.421 BLU
|p 3010023687
|q 2026-06-02
|r 2026-05-17
|s 2026-05-17
|t 2
|w 2011-10-10
|y BK
|
| 952 |
|
|
|0 0
|1 0
|2 ddc
|4 0
|6 658_421000000000000_BLU
|7 0
|9 18359
|a BRACUL
|b BRACUL
|c GEN
|d 2011-10-05
|e Book Web
|g 670.00
|l 1
|o 658.421 BLU
|p 3010023688
|r 2016-10-02
|s 2016-09-25
|t 3
|w 2011-10-10
|y BK
|